| Tag |
First Indicator |
Second Indicator |
Subfields |
| LEADER |
00000cam a2200000Ii 4500 |
| 001 |
in00000856493 |
| 005 |
20180727123917.0 |
| 007 |
he bmb024bbca |
| 008 |
860311s1986 dcuabf bb f000 0 eng d |
| 035 |
|
|
|a (OCoLC)ocm20063428
|
| 040 |
|
|
|a NJL
|b eng
|e rda
|c NJL
|d OCL
|d OCLCQ
|d OCLCF
|d OCLCQ
|d OCLCO
|d OCLCQ
|d TXA
|
| 035 |
|
|
|a (OCoLC)20063428
|
| 043 |
|
|
|a n-us-nj
|
| 050 |
|
4 |
|a GB1399.2
|
| 086 |
0 |
|
|a FEM 1.209:340060
|
| 049 |
|
|
|a TXAM
|
| 245 |
0 |
0 |
|a Flood insurance study.
|p Borough of Oradell, New Jersey, Bergen County.
|
| 246 |
3 |
0 |
|a Borough of Oradell, New Jersey, Bergen County
|
| 264 |
|
1 |
|a [Washington, D.C.] :
|b Federal Emergency Management Agency,
|c [1986]
|
| 300 |
|
|
|a ii, 15 pages, 3 folded leaves of plates :
|b illustrations, 1 map ;
|c 28 cm
|
| 336 |
|
|
|a text
|b txt
|2 rdacontent
|
| 337 |
|
|
|a microform
|b h
|2 rdamedia
|
| 338 |
|
|
|a microfiche
|b he
|2 rdacarrier
|
| 500 |
|
|
|a Title from cover.
|
| 500 |
|
|
|a "April 15, 1985."
|
| 500 |
|
|
|a Location map on cover.
|
| 500 |
|
|
|a "Community number - 340060."
|
| 504 |
|
|
|a Includes bibliographical references (pages 14-15).
|
| 533 |
|
|
|a Microfiche.
|b [Washington, D.C.] :
|c United States Government Printing Office,
|d [1986].
|e 1 microfiche : negative.
|
| 650 |
|
0 |
|a Flood forecasting
|z New Jersey
|z Bergen County.
|
| 650 |
|
0 |
|a Flood forecasting
|z New Jersey
|z Oradell.
|
| 650 |
|
0 |
|a Flood insurance
|z New Jersey
|z Oradell.
|
| 650 |
|
0 |
|a Flood insurance
|z New Jersey
|z Bergen County.
|
| 650 |
|
7 |
|a Flood insurance.
|2 fast
|0 (OCoLC)fst01715819
|
| 651 |
|
7 |
|a New Jersey
|z Bergen County.
|2 fast
|0 (OCoLC)fst01206168
|
| 651 |
|
7 |
|a New Jersey
|z Oradell.
|2 fast
|0 (OCoLC)fst01230085
|
| 655 |
|
7 |
|a Technical reports.
|2 lcgft
|
| 710 |
1 |
|
|a United States.
|b Federal Emergency Management Agency,
|e issuing body.
|
| 776 |
0 |
8 |
|i Print version:
|t Flood insurance study. Borough of Oradell, New Jersey, Bergen County
|w (OCoLC)13291485
|
| 856 |
4 |
1 |
|z Available online at HathiTrust:
|u http://hdl.handle.net/2027/txa.ark:/81423/m3zf18
|t 0
|
| 949 |
|
|
|a updated
|b h
|c 2018/7/27
|e spoltoratski
|f 12:39:04 pm
|
| 994 |
|
|
|a C0
|b TXA
|
| 999 |
f |
f |
|s 70c56930-c31a-347b-bbf2-500a818fd650
|i ccb3f974-a7af-3068-af8f-b41014cfeea1
|t 0
|
| 952 |
f |
f |
|a Texas A&M University
|b College Station
|c Electronic Resources
|d Available Online
|t 0
|e FEM 1.209:340060
|g Electronic
|h Superintendent of Documents classification
|
| 998 |
f |
f |
|a FEM 1.209:340060
|t 0
|l Available Online
|